000 00451nam a22001217a 4500
082 _a388.4042
_bSUM
_cD
100 _aFedral hihway administration
_938758
245 _asummary of the federal hihway adminstation symposium on overcoming barriers to public private partnership
_cFedral hihway administration
260 _aWashigton, DC
_bApogee research inc
_c1994
526 _a0
_b0
_c0
_d388_404200000000000_SUM
650 _aNUST
_96342
942 _2ddc
_cBK
999 _c543405
_d543405